• 首页
  • 本馆介绍
  • 公告通知
  • 最新文献
  • 馆藏检索
  • 电子资源
  • 读者导购
  • 参考咨询
  • 我的图书馆
  • 登录
  • 详细信息显示
  • 放入我的书架
  • 预约/预借图书
  • 作者相关作品
  • 分类相关作品
  • 丛书相关作品
  • 出版社相关作品

书目信息

  • 表格格式
  • 工作单格式
  • 卡片格式
题名:
Aralytical Chemistry
    
 
作者: Gary D.Christian
分册:  
出版信息:   Courier Westford  2003
页数:
开本: 29cm
丛书名:
单 册:
中图分类: O651
科图分类:
主题词: 分析化学 , 分析(化学)
电子资源:
ISBN: 0-471-45162-2
000 00492nam0 2200193 450
001 0754114953
005 20070929150154.95
010    @a0-471-45162-2@b精装
100    @a20070929d km y0chiy0120 ea
101 0  @achi
200 1  @aAralytical Chemistry@fGary D.Christian
210    @cCourier Westford@d2003
215    @c插图@d29cm
606 0  @a分析化学
606 0  @a分析(化学)
690    @aO651@v3
701  0 @aGary D.Christian
801  0 @aCN@bPFT@c20070929
905    @a213230@dO651@eh103@f1
    
    Aralytical Chemistry/Gary D.Christian.-Courier Westford,2003
    插图;29cm
    
    
    ISBN 0-471-45162-2(精装):
    
●
相关链接 在E读中查询图书 在五车中查询图书 在当当中查询图书 在豆瓣中查询图书


正题名:Aralytical Chemistry     索取号:O651/h103         预约/预借

序号 登录号 条形码 馆藏地/架位号 状态 备注
1 6001692   260016921   密集书库-化学系/ [索取号:O651/h103] 在馆    
唐山师范学院图书馆 欢迎您!
大连网信软件有限公司© 版权所有